| 000 | 00482nam a22001457a 4500 | ||
|---|---|---|---|
| 020 | _qHard Cover. | ||
| 082 | _a658.4 | ||
| 100 | _aSaeed, Farrukh | ||
| 245 |
_aData Network Analytics as Telenor Pakistan Aims to Improve Customer Experience & Operational Efficiency _cFarrukh Saeed. |
||
| 260 |
_aIslamabad : _bNBS - NUST, _c2017. |
||
| 300 |
_a55 p. : ill. ; _c30cm. |
||
| 650 |
_aEMBA Thesis. _917645 |
||
| 942 |
_2ddc _cTHE |
||
| 999 |
_c532521 _d532521 |
||